Loading...
| Fine Arts - Classical Music | 4 | 10.00 | 1,600% | 425% | 225% |
| Fine Arts - Other | 3 | 13.33 | 2,700% | 0% | 800% |
| Fine Arts - Painting & Sculpture | 5 | 14.00 | 4,180% | 360% | 320% |
| History - American | 2 | 15.00 | 1,800% | 400% | 400% |
| History - European | 6 | 15.00 | 4,050% | 467% | 283% |
| History - Other | 4 | 7.50 | 400% | 200% | 100% |
| History - World | 5 | 16.00 | 6,860% | 120% | 340% |
| Literature - American | 6 | 8.33 | 600% | 250% | 283% |
| Literature - British | 5 | 14.00 | 2,560% | 320% | 480% |
| Literature - European | 6 | 16.67 | 4,033% | 300% | 450% |
| Literature - World | 6 | 15.00 | 4,367% | 267% | 383% |
| Mythology | 3 | 16.67 | 4,267% | 0% | 833% |
| Other | 6 | 20.00 | 2,417% | 533% | 800% |
| Philosophy | 5 | 16.00 | 2,340% | 240% | 540% |
| Religion | 7 | 12.86 | 2,543% | 486% | 129% |
| Science - Biology | 9 | 15.56 | 1,600% | 344% | 600% |
| Science - Chemistry | 3 | 16.67 | 2,133% | 567% | 567% |
| Science - Other | 4 | 20.00 | 4,525% | 150% | 800% |
| Science - Physics | 7 | 11.43 | 2,071% | 229% | 486% |
| Social Science | 5 | 16.00 | 3,620% | 340% | 460% |